Mária Dalok
| Main Author: | |
|---|---|
| Format: | Book |
| Language: | Undetermined |
| PhysicalDescription: | 168 s. |
| Published: |
Miskolc
Ludvig István
1936
|
| Edition: | 3. vyd. |
MARC
| LEADER | 00000nam a2200000 a 4500 | ||
|---|---|---|---|
| 001 | vtls001472464 | ||
| 003 | SK-MaSNL | ||
| 005 | 20260301014829.0 | ||
| 008 | 240315s1936 xx 0 und | ||
| 035 | |a SNK000427766 | ||
| 040 | |a SNK |b slo |c SNK |e AACR2 | ||
| 100 | 1 | |a Rudnyánszky, Gyula |4 aut |9 303750 | |
| 245 | 1 | |a Mária Dalok | |
| 250 | |a 3. vyd. | ||
| 260 | |a Miskolc |b Ludvig István |c 1936 | ||
| 300 | |a 168 s. | ||
| 999 | |c 559331 |d 561261 | ||
| 952 | |t P60, <03>, [BOOK], {603} |a SNK |b SNK |y PREZ |7 0 |p 17A0422106 |o snkSD 11572 |i snk2500/46 |0 0 |1 0 |4 0 |d 2004-04-01 |l 0 |r 2025-11-25 00:00:00 |w 2026-02-23 | ||


